Visualizzazione normale
Vista MARC
- Premoli Flavio
di Personal Name
Records bibliografici associati: 1
001 - CONTROL NUMBER
- control field: 4648
003 - CONTROL NUMBER IDENTIFIER
- control field: IT-RoPau
005 - DATE AND TIME OF LATEST TRANSACTION
- control field: 20131130122508.0
008 - FIXED-LENGTH DATA ELEMENTS
- fixed length control field: 131130|| aca||aabn | a|a d
040 ## - CATALOGING SOURCE
- Original cataloging agency: IT-RoPau
- Transcribing agency: IT-RoPau
100 ## - HEADING--PERSONAL NAME
- Personal name: Premoli Flavio
- Relator term: Autore
- Miscellaneous information: Codice autore SPICS: 1202
- Name of part/section of a work: Il banchetto - Old Rain
670 ## - SOURCE DATA FOUND
- Source citation: Work cat.: (IT-RoPau)102081: Mussida Franco 4643, Photos of Ghosts (Lp Dzsln 55661)